000 01038cam a22002771 4500
001 gs 60000212
003 DLC
005 20260227111409.0
008 821011s1960 dcub b f000 0 eng c
010 _ags 60000212
035 _a(OCoLC)8850844
040 _aU.S. Geol. Survey. Libr.
_cMsSM
_dMsSM
_dOCoLC
_dDLC
042 _apremarc
043 _an-us-mn
050 0 0 _aQE75
_b.C5 no. 423
100 1 _aRodis, Harry G.
_q(Harry George),
_d1927-
245 1 0 _aOccurrence of ground waters of low hardness and of high chloride content in Lyon County, Minnesota,
_cby H.G. Rodis and Robert Schneider.
260 _aWashington,
_c1960.
300 _aiii, 2 p.
_bfold. map.
_c27cm.
410 2 0 _aGeological Survey (U.S.).
_tCircular,
_v423
500 _aPrepared in cooperation with the Division of Waters, Minnesota Department of Conservation.
650 0 _aGroundwater
_zMinnesota
_zLyon County.
650 0 _aWater-supply
_zMinnesota
_zLyon County.
650 0 _aWater
_xComposition.
700 1 _aSchneider, Robert
_d1921-
_ejoint author.
999 _c29454
_d29454